Normal view
MARC view
- SMALL POWER PRODUCTION FACILITIES. DISTRIBUTED GENERATION OF ELECTRIC POWER.DISTRIBUTION OPTIMIZING PLAN FOR SMALL-SCALE ENERGY SYSTEMS
Entry Topical Term
001 - CONTROL NUMBER
- control field: 64368
003 - CONTROL NUMBER IDENTIFIER
- control field: NUST
005 - DATE AND TIME OF LATEST TRANSACTION
- control field: 20210628203248.0
008 - FIXED-LENGTH DATA ELEMENTS
- fixed length control field: 210628|| aca||aabn | a|a d
040 ## - CATALOGING SOURCE
- Original cataloging agency: NUST
- Transcribing agency: NUST
150 ## - HEADING--TOPICAL TERM
- Topical term or geographic name entry element: SMALL POWER PRODUCTION FACILITIES. DISTRIBUTED GENERATION OF ELECTRIC POWER.DISTRIBUTION OPTIMIZING PLAN FOR SMALL-SCALE ENERGY SYSTEMS
670 ## - SOURCE DATA FOUND
- Source citation: Work cat.: (NUST): Obara, Shin'ya 64367, Distribution optimizing plan for small-scale energy systems, 2008
